[Event "XIII. DBMM 2013"]
[Site "?"]
[Date "2013.09.28"]
[Round "5.3"]
[White "Van Eibergen, Robert"]
[Black "Mikoteit, Siegfried"]
[Result "1/2-1/2"]
[WhiteElo "1321"]
[BlackElo "1327"]
[PlyCount "52"]
[EventDate "2013.01.19"]

1. d4 d5 2. Nf3 Nf6 3. e3 e6 4. Bd3 Nbd7 5. Nbd2 c5 6. c3 c4 7. Bc2 b5 8. O-O
Bb7 9. Re1 Ne4 10. Nxe4 dxe4 11. Nd2 f5 12. b3 cxb3 13. Bxb3 Bd5 14. Bxd5 exd5
15. Qb3 Nb6 16. Qxb5+ Qd7 17. Qe2 Qc7 18. Bb2 Rc8 19. a4 Nc4 20. Nxc4 Qxc4 21.
Qc2 Bb4 22. Rec1 Kd7 23. a5 Qc6 24. Qb3 Bd6 25. a6 Rb8 26. Qc2 Rb6 1/2-1/2

[Event "XIII. DBMM 2013"]
[Site "?"]
[Date "2013.09.28"]
[Round "6.1"]
[White "Kosak, Robert"]
[Black "Segerberg, Tomas"]
[Result "1/2-1/2"]
[WhiteElo "2219"]
[BlackElo "1996"]
[PlyCount "44"]
[EventDate "2013.01.19"]

1. e4 e6 2. d3 d5 3. Nd2 c5 4. g3 Nc6 5. Bg2 Be7 6. f4 dxe4 7. Nxe4 Nf6 8. Be3
Nxe4 9. dxe4 Qxd1+ 10. Rxd1 Bd7 11. Nf3 O-O-O 12. O-O e5 13. f5 b6 14. c3 f6
15. Nd2 Na5 16. c4 Bc6 17. b3 Rd3 18. Rfe1 Rhd8 19. Bf1 R3d7 20. Kf2 Bb7 21.
Be2 Nc6 22. Nb1 Rxd1 1/2-1/2

[Event "XIII. DBMM 2013"]
[Site "?"]
[Date "2013.09.28"]
[Round "6.2"]
[White "Lichtenstern, Elmar"]
[Black "Jostes, Marco"]
[Result "1-0"]
[WhiteElo "2127"]
[BlackElo "2083"]
[PlyCount "111"]
[EventDate "2013.01.19"]

1. d4 f5 2. g3 Nf6 3. Bg2 e6 4. Nf3 d5 5. O-O Bd6 6. b3 Qe7 7. Bb2 O-O 8. c4 c6
9. Nbd2 Nbd7 10. cxd5 exd5 11. e3 Ne4 12. Rc1 Ndf6 13. Ne5 Bd7 14. Nxd7 Qxd7
15. Nf3 Qe6 16. Ne5 Ng4 17. f3 Nxe3 18. Qe2 Nxf1 19. fxe4 Nxg3 20. hxg3 fxe4
21. Qh5 Qh6 22. Qxh6 gxh6 23. Re1 Rae8 24. Bc1 Bxe5 25. dxe5 Rxe5 26. Be3 Re6
27. a4 Rg6 28. Kh2 b6 29. b4 Rc8 30. Rd1 Rd6 31. Bxe4 Re8 32. Bf4 Rxe4 33. Bxd6
Kf7 34. b5 Ke6 35. Bb8 cxb5 36. axb5 Rb4 37. Re1+ Kd7 38. Bxa7 Rxb5 39. Bb8 d4
40. Rd1 Rd5 41. Bf4 Ke6 42. Kg2 Rd7 43. Rb1 Rb7 44. Rb5 h5 45. Kh3 Rd7 46.
Rxb6+ Kf5 47. Rb2 d3 48. Rd2 Ke4 49. Rf2 Rd5 50. Bd2 Rc5 51. Kh4 Rc2 52. Kxh5
Rxd2 53. Rxd2 Ke3 54. Rd1 Ke2 55. Ra1 d2 56. g4 1-0

[Event "XIII. DBMM 2013"]
[Site "?"]
[Date "2013.09.28"]
[Round "6.3"]
[White "Kassner, Ralph"]
[Black "Jachs, Walter"]
[Result "0-1"]
[WhiteElo "1758"]
[BlackElo "2029"]
[PlyCount "70"]
[EventDate "2013.01.19"]

1. Nf3 g6 2. g3 Bg7 3. Bg2 e5 4. d3 d5 5. c3 Ne7 6. Nbd2 O-O 7. O-O f5 8. e4 c6
9. Ne1 f4 10. Nc2 Na6 11. d4 Nc7 12. exd5 Nexd5 13. dxe5 Bxe5 14. Nc4 Bg7 15.
Nd4 Ne6 16. Nxe6 Bxe6 17. Na3 Qc8 18. f3 g5 19. g4 Rd8 20. Qe2 Re8 21. Qd1 Qc7
22. h3 Rad8 23. Qc2 Bf7 24. Rd1 Kh8 25. Bf1 Bg6 26. Qf2 Ne3 27. Rxd8 Qxd8 28.
Bxe3 fxe3 29. Qe2 Qc7 30. Nc4 Bf8 31. b4 Qf4 32. Kg2 b5 33. Na5 Bd6 34. Kh1 Bd3
35. Qg2 e2 0-1

[Event "XIII. DBMM 2013"]
[Site "?"]
[Date "2013.09.28"]
[Round "6.4"]
[White "Liefrink, Feike"]
[Black "Ernst, Markus"]
[Result "1-0"]
[WhiteElo "2065"]
[BlackElo "1552"]
[PlyCount "69"]
[EventDate "2013.01.19"]

1. e4 e5 2. Nf3 Nc6 3. Bc4 Bc5 4. b4 Bxb4 5. c3 Ba5 6. O-O h6 7. d4 exd4 8. Qb3
Qe7 9. cxd4 d6 10. e5 Bb6 11. exd6 Qf6 12. Re1+ Kf8 13. Ba3 cxd6 14. Nc3 Nge7
15. Ne4 Nxd4 16. Nxd4 Qxd4 17. Rad1 Qe5 18. Bxd6 Qf5 19. Qa3 Be6 20. Bxe7+ Kg8
21. Bxe6 fxe6 22. Qb3 Kh7 23. Rd7 Rab8 24. Qg3 e5 25. Qd3 Bd4 26. Nf6+ Kg6 27.
Qxf5+ Kxf5 28. Nh5 Kg6 29. Ng3 Rhc8 30. Bd6 Rc2 31. Bxb8 Bxf2+ 32. Kf1 Bxe1 33.
Kxe1 Rxg2 34. Rd2 Rxd2 35. Kxd2 1-0

[Event "XIII. DBMM 2013"]
[Site "?"]
[Date "2013.09.28"]
[Round "6.1"]
[White "Dekker, Derk"]
[Black "Seger, Ruediger"]
[Result "0-1"]
[WhiteElo "1817"]
[BlackElo "2393"]
[PlyCount "62"]
[EventDate "2013.01.19"]

1. e4 c6 2. d4 d5 3. Nc3 dxe4 4. Nxe4 Bf5 5. Ng3 Bg6 6. h4 h6 7. h5 Bh7 8. Nf3
Nd7 9. Bd3 Bxd3 10. Qxd3 e6 11. Bf4 Qa5+ 12. c3 Ngf6 13. Ne4 Nxh5 14. Be5 Nhf6
15. Neg5 Rg8 16. Nxe6 fxe6 17. Qg6+ Kd8 18. O-O-O Kc8 19. Rh4 Qd8 20. c4 b6 21.
Qc2 Kb7 22. Qa4 Rc8 23. Rd3 g5 24. Rh1 g4 25. Bxf6 Qxf6 26. Ne5 Nxe5 27. dxe5
Qxe5 28. Rh5 Qxh5 29. Rd7+ Rc7 30. Rxc7+ Kxc7 31. Qxa7+ Kd6 0-1

[Event "XIII. DBMM 2013"]
[Site "?"]
[Date "2013.09.28"]
[Round "6.2"]
[White "Gikas, Andreas Basilius"]
[Black "Oberpriller, Josef"]
[Result "1-0"]
[WhiteElo "2187"]
[BlackElo "1988"]
[PlyCount "93"]
[EventDate "2013.01.19"]

1. e4 Nf6 2. Nc3 e6 3. d4 d5 4. e5 Nfd7 5. f4 a6 6. Nf3 c5 7. Be3 Nc6 8. Qd2
cxd4 9. Nxd4 Nxd4 10. Bxd4 Bc5 11. O-O-O Bxd4 12. Qxd4 Qb6 13. Qd2 Nc5 14. Kb1
Bd7 15. h4 Rc8 16. h5 h6 17. g4 Na4 18. Nxa4 Bxa4 19. Bd3 Bb5 20. f5 Bxd3 21.
Qxd3 Rc4 22. Rhg1 O-O 23. g5 exf5 24. Qxf5 Rc6 25. Qg4 Rc4 26. Qf5 Rc6 27. gxh6
Rxh6 28. Qg5 Rh7 29. Rxd5 Qh6 30. Qe7 Qe6 31. Qxe6 fxe6 32. Rd7 Rf7 33. Rd8+
Rf8 34. Rd7 Rf7 35. Rxf7 Kxf7 36. Rg5 Rh8 37. c4 Rc8 38. b3 Rd8 39. Kc2 Rd4 40.
Kc3 Rf4 41. c5 Rf5 42. Rxf5+ exf5 43. Kd4 Ke6 44. b4 Ke7 45. a4 Kd7 46. b5 a5
47. Ke3 1-0

[Event "XIII. DBMM 2013"]
[Site "?"]
[Date "2013.09.28"]
[Round "6.3"]
[White "Bumes, Konrad"]
[Black "Biedekoepper, Robert"]
[Result "0-1"]
[WhiteElo "1796"]
[BlackElo "2103"]
[PlyCount "90"]
[EventDate "2013.01.19"]

1. d4 Nf6 2. Bg5 c5 3. c3 Ne4 4. Bf4 cxd4 5. Qxd4 d5 6. Bxb8 Rxb8 7. Qxa7 Bd7
8. f3 Nf6 9. Qd4 Qc7 10. f4 e6 11. Nf3 Bc5 12. Qe5 Bd6 13. Qd4 Bxf4 14. e3 Bd6
15. b4 e5 16. Qd2 Ne4 17. Qxd5 Nxc3 18. Qb3 Rc8 19. Nxc3 Qxc3+ 20. Qxc3 Rxc3
21. a3 Rxe3+ 22. Kd2 Re4 23. Bd3 Rg4 24. g3 O-O 25. Rhe1 Re8 26. Be4 b6 27.
Rac1 Re7 28. Ke3 f5 29. Bd5+ Kf8 30. Kf2 f4 31. gxf4 Rxf4 32. Re4 h6 33. Rxf4+
exf4 34. Re1 Rxe1 35. Nxe1 g5 36. Nd3 Ke7 37. Bb3 Kf6 38. Kf3 Bc6+ 39. Kf2 g4
40. Bd1 Kg5 41. Nb2 Be5 42. Nc4 Bd4+ 43. Kf1 g3 44. hxg3 fxg3 45. Nd6 g2+ 0-1

[Event "XIII. DBMM 2013"]
[Site "?"]
[Date "2013.09.28"]
[Round "6.4"]
[White "Dehmel, Jens"]
[Black "Bumes, Konrad"]
[Result "1-0"]
[WhiteElo "2091"]
[BlackElo "1796"]
[PlyCount "61"]
[EventDate "2013.01.19"]

1. d4 Nf6 2. c4 g6 3. Nc3 d5 4. Nf3 Bg7 5. Qb3 dxc4 6. Qxc4 O-O 7. e4 b6 8. Bf4
c6 9. Rd1 Ba6 10. Qb3 Bxf1 11. Kxf1 Qc8 12. h3 Na6 13. Kg1 Rd8 14. Kh2 c5 15.
d5 Nh5 16. Bg5 Qc7+ 17. g3 Rac8 18. Rhe1 h6 19. Bc1 Nf6 20. e5 Ne8 21. Qc4 Qb7
22. Qh4 h5 23. e6 Nf6 24. exf7+ Kxf7 25. Ne5+ Ke8 26. Nxg6 Rd7 27. Bg5 Kd8 28.
Nxe7 Rxe7 29. Bxf6 Bxf6 30. Qxf6 Ke8 31. d6 1-0

[Event "XIII. DBMM 2013"]
[Site "?"]
[Date "2013.09.28"]
[Round "6.1"]
[White "Prusikin, Michael"]
[Black "Lotzien, Hans"]
[Result "1-0"]
[WhiteElo "2555"]
[BlackElo "2152"]
[PlyCount "73"]
[EventDate "2013.01.19"]

1. e4 e5 2. Bc4 Nc6 3. Nf3 h6 4. d4 exd4 5. Nxd4 Ne5 6. Bb3 d6 7. f4 Bg4 8. Qd2
Nc6 9. O-O Nxd4 10. Qxd4 Be6 11. Nc3 Ne7 12. Be3 Bxb3 13. axb3 Nc6 14. Qd3 a6
15. Nd5 Be7 16. b4 O-O 17. b5 Nb8 18. b6 c5 19. Nc7 Nc6 20. Nxa8 Qxa8 21. Rfd1
Re8 22. Kh1 Bf8 23. Bf2 Qd8 24. e5 Nb4 25. Qd2 Qxb6 26. exd6 Rd8 27. d7 Qf6 28.
c3 Nc6 29. Qd5 Qe7 30. h3 g6 31. f5 gxf5 32. Bg3 Ra8 33. Qxf5 Nd8 34. Bd6 Qe6
35. Qxc5 Nc6 36. Bxf8 Rxf8 37. Rd6 1-0

[Event "XIII. DBMM 2013"]
[Site "?"]
[Date "2013.09.28"]
[Round "6.2"]
[White "Hemmann, Arnold"]
[Black "Guth, Thomas"]
[Result "1/2-1/2"]
[WhiteElo "2153"]
[BlackElo "2283"]
[PlyCount "79"]
[EventDate "2013.01.19"]

1. e4 e6 2. d4 d5 3. exd5 exd5 4. Bd3 Nc6 5. c3 Nf6 6. Bg5 h6 7. Bh4 Bd6 8. Ne2
Be6 9. Nd2 g5 10. Bg3 Qd7 11. Qc2 Nh5 12. O-O-O O-O-O 13. Nb3 Kb8 14. Kb1 Be7
15. Rde1 f5 16. f4 Nf6 17. Nd2 g4 18. Bb5 Ne4 19. Nc1 a6 20. Bxc6 Qxc6 21. Nd3
h5 22. Ne5 Qe8 23. Nb3 b6 24. Bf2 Bd7 25. Nc1 Bb5 26. Be3 Bf6 27. Ncd3 Kb7 28.
b3 Bxd3 29. Nxd3 Qc6 30. Kb2 a5 31. Rc1 Rhe8 32. Ne5 Bxe5 33. fxe5 Rf8 34. Rhf1
Rd7 35. Qd3 h4 36. a4 Qe6 37. Ka2 Qc6 38. Kb2 Qe6 39. Ka2 Qc6 40. Kb2 1/2-1/2

[Event "XIII. DBMM 2013"]
[Site "?"]
[Date "2013.09.28"]
[Round "6.3"]
[White "Schramm, Christian"]
[Black "Broehl, Stephan"]
[Result "1-0"]
[WhiteElo "2396"]
[BlackElo "2131"]
[PlyCount "93"]
[EventDate "2013.01.19"]

1. e4 c6 2. d4 d5 3. Nd2 dxe4 4. Nxe4 Nf6 5. Nxf6+ exf6 6. Nf3 Bd6 7. Bd3 O-O
8. O-O Bg4 9. h3 Bh5 10. Re1 Nd7 11. Be3 Re8 12. g4 Bg6 13. Nh4 Bxd3 14. Qxd3
g6 15. Nf3 Qc7 16. Rad1 Rad8 17. Bd2 c5 18. Rxe8+ Rxe8 19. Re1 Rxe1+ 20. Bxe1
cxd4 21. Nxd4 Ne5 22. Qe4 Qb6 23. Bc3 Bc5 24. Kg2 Nd7 25. a3 a5 26. Nb3 Bxf2
27. Qe8+ Nf8 28. Bxa5 Qe3 29. Qxe3 Bxe3 30. Bc3 f5 31. gxf5 gxf5 32. Bd4 Bg5
33. Na5 Ne6 34. Bb6 Bc1 35. Nc4 Nf4+ 36. Kh2 Nd5 37. Bd4 b5 38. Na5 f4 39. c4
Be3 40. cxd5 Bxd4 41. d6 Bxb2 42. d7 Bf6 43. Nc6 Kf8 44. Kg2 h6 45. Kf3 Bg5 46.
Ke4 f5+ 47. Kf3 1-0

[Event "XIII. DBMM 2013"]
[Site "?"]
[Date "2013.09.28"]
[Round "6.4"]
[White "Mueller-Boge, Michael"]
[Black "Buescher, Hendrik"]
[Result "1-0"]
[WhiteElo "2002"]
[BlackElo "2112"]
[PlyCount "125"]
[EventDate "2013.01.19"]

1. e4 c6 2. d4 d5 3. Nd2 dxe4 4. Nxe4 Nf6 5. Nxf6+ gxf6 6. Nf3 Qd5 {(=)} 7. g3
Bf5 8. c3 h5 9. Bg2 Be4 10. h4 e6 11. O-O Bd6 12. Ne1 Nd7 13. Qe2 Bxg2 14. Nxg2
O-O-O 15. Rd1 Qf5 16. Bf4 Be7 17. Kh2 Nf8 18. Ne3 Qe4 19. f3 Qg6 20. a4 Rg8 21.
Rg1 Bd6 22. Bxd6 Rxd6 23. b4 Nd7 24. Nc4 Rd5 25. b5 c5 26. Ne3 Rd6 27. a5 Kb8
28. Rad1 cxd4 29. cxd4 f5 30. d5 Nf6 31. Nc4 Rxd5 32. Rxd5 Nxd5 33. Qe5+ Ka8
34. Nb6+ Nxb6 35. axb6 f4 36. Qxf4 e5 37. Qc4 Qxb6 {(=)} 38. Qxf7 Rd8 39. Qe7
Qd4 40. Qg5 Rh8 41. Rg2 Qd6 42. Re2 e4 43. Rxe4 a5 44. bxa6 bxa6 45. Qe5 Qd8
46. Rd4 Qc8 47. Qe4+ Ka7 48. Rc4 Qd7 49. Qe3+ Ka8 50. Rd4 Qc7 51. Qe4+ Ka7 52.
Rc4 Qd7 53. Qd4+ Qxd4 54. Rxd4 Kb6 55. Kh3 Kb5 56. g4 hxg4+ 57. fxg4 a5 58. g5
a4 59. Kg4 a3 60. g6 a2 61. Rd1 Ka4 62. Kg5 Rb8 63. Ra1 1-0

[Event "XIII. DBMM 2013"]
[Site "?"]
[Date "2013.09.28"]
[Round "6.1"]
[White "Blum, Norbert"]
[Black "Jonnek, Thomas"]
[Result "1/2-1/2"]
[WhiteElo "2021"]
[BlackElo "2003"]
[PlyCount "35"]
[EventDate "2013.01.19"]

1. e4 c6 2. d4 d5 3. f3 g6 4. Be3 Bg7 5. Nc3 Nf6 6. e5 Nfd7 7. Qd2 f6 8. Bh6
O-O 9. Bxg7 Kxg7 10. f4 Nb6 11. b3 a5 12. a4 Na6 13. Nf3 Bg4 14. Be2 Nc7 15.
O-O Bxf3 16. Bxf3 f5 17. g4 e6 18. g5 1/2-1/2

[Event "XIII. DBMM 2013"]
[Site "?"]
[Date "2013.09.28"]
[Round "6.2"]
[White "Wittfoth, Kai-Uve"]
[Black "Bischoff, Ulrich"]
[Result "1-0"]
[WhiteElo "2139"]
[BlackElo "2107"]
[PlyCount "67"]
[EventDate "2013.01.19"]

1. d4 d5 2. Bf4 Nf6 3. e3 c5 4. c3 Nc6 5. Bd3 e6 6. Nf3 Be7 7. Nbd2 O-O 8. Ne5
Nd7 9. Qh5 f5 10. Nxd7 Bxd7 11. Qe2 Be8 12. Nf3 Bd6 13. Bxd6 Qxd6 14. h3 e5 15.
dxe5 Nxe5 16. Nxe5 Qxe5 17. O-O Bc6 18. c4 Kh8 19. Rfd1 Rae8 20. cxd5 Qxd5 21.
Qf1 Qe5 22. b3 f4 23. exf4 Qxf4 24. Rac1 Re5 25. Rc4 Qf6 26. Rg4 Rfe8 27. f3
Qe7 28. Rf4 Qg5 29. Rg4 Qe7 30. Qf2 Re3 31. Be4 Rc3 32. Qd2 Qe5 33. Bxc6 bxc6
34. Re4 1-0

[Event "XIII. DBMM 2013"]
[Site "?"]
[Date "2013.09.28"]
[Round "6.3"]
[White "Pachl, Manfred"]
[Black "Steinkraus, Hans-Guenter"]
[Result "1-0"]
[WhiteElo "1775"]
[BlackElo "1657"]
[PlyCount "105"]
[EventDate "2013.01.19"]

1. e4 e6 2. Bc4 d6 3. d4 Bd7 4. Nc3 a6 5. Nf3 b5 6. Bd3 c5 7. dxc5 dxc5 8. b3
Qc7 9. O-O Nc6 10. Re1 Be7 11. e5 h6 12. Bf4 g5 13. Bg3 h5 14. h3 Qb6 15. a4 b4
16. Ne4 h4 17. Bh2 g4 18. hxg4 h3 19. g5 hxg2 20. Kxg2 O-O-O 21. Nf6 Nd4 22.
Nxd7 Rxd7 23. Nxd4 Rxd4 24. f4 Qb7+ 25. Kg3 Nh6 26. gxh6 Rg8+ 27. Kf2 Qg2+ 28.
Ke3 Qxh2 29. Rf1 Qxh6 30. Qf3 Kc7 31. Bxa6 Rd5 32. Ke2 Qg6 33. Bd3 f5 34. Rh1
Qf7 35. Rag1 Rxg1 36. Rxg1 Qh7 37. Rh1 Qg6 38. a5 c4 39. Bxc4 Rxa5 {(=)} 40.
Rd1 Bf8 41. Qh3 Bc5 42. Rh1 Be7 43. Kf3 Ra2 44. Bd3 Kc6 45. Qg3 Qf7 46. Rh8 Bf8
47. Ke2 Ra1 48. Qf3+ Kb6 49. Qg2 Kc7 50. Qh3 Kc6 51. Rh7 Bg7 52. Qg2+ Kc5 53.
Qxg7 1-0

[Event "XIII. DBMM 2013"]
[Site "?"]
[Date "2013.09.28"]
[Round "6.4"]
[White "Struempler, Claus"]
[Black "Wirth, Volker"]
[Result "0-1"]
[WhiteElo "1400"]
[BlackElo "1711"]
[PlyCount "70"]
[EventDate "2013.01.19"]

1. b4 Nf6 2. c4 d5 3. e3 e5 4. a3 d4 5. exd4 exd4 6. Bb2 c5 7. b5 Bf5 8. d3 Bd6
9. Nf3 O-O 10. Be2 Re8 11. O-O Qc7 12. g3 Nbd7 13. Re1 Re7 14. Bf1 Rae8 15.
Rxe7 Rxe7 16. a4 Qd8 17. Bc1 h6 18. Na3 Qe8 19. Bd2 Bg4 20. Bg2 Ne5 21. Qf1
Nxf3+ 22. Bxf3 Bxf3 23. Re1 Rxe1 24. Qxe1 Qxe1+ 25. Bxe1 Be2 26. Nb1 Bxd3 27.
Nd2 Bc2 28. a5 b6 29. axb6 axb6 30. f3 Bd3 31. Kg2 Nd7 32. f4 g5 33. Kf3 f5 34.
h3 Kg7 35. Bf2 Nf6 0-1

[Event "XIII. DBMM 2013"]
[Site "?"]
[Date "2013.09.28"]
[Round "6.1"]
[White "Keuchen, Michael"]
[Black "Behrendt, Clemens"]
[Result "1/2-1/2"]
[WhiteElo "2050"]
[BlackElo "2090"]
[PlyCount "44"]
[EventDate "2013.01.19"]

1. d4 Nf6 2. Bg5 c6 3. Bxf6 gxf6 4. c4 d5 5. e3 Be6 6. cxd5 Qxd5 7. Nc3 Qa5 8.
Nge2 Bg4 9. h3 Bh5 10. Qb3 Qb6 11. Qxb6 axb6 12. Nf4 Bg6 13. Nxg6 hxg6 14. h4
f5 15. Kd2 e6 16. Be2 Bg7 17. a4 Nd7 18. g3 Nf6 19. Bf3 Bf8 20. Kd3 Kd7 21. Kc4
Ng4 22. Rhf1 Be7 1/2-1/2

[Event "XIII. DBMM 2013"]
[Site "?"]
[Date "2013.09.28"]
[Round "6.2"]
[White "Liebersbach, Siegmund"]
[Black "Raum, Norbert"]
[Result "1/2-1/2"]
[WhiteElo "1730"]
[BlackElo "1835"]
[PlyCount "83"]
[EventDate "2013.01.19"]

1. e4 e6 2. d4 b6 3. Nf3 Bb7 4. Bd3 c5 5. c3 cxd4 6. cxd4 Bb4+ 7. Bd2 Qe7 8. a3
Bxd2+ 9. Qxd2 Nf6 10. Nc3 Ba6 11. e5 Nd5 12. Ne4 O-O 13. Bxa6 Nxa6 14. Qd3 Nac7
15. g3 f5 16. Nd6 Ne8 17. Nc4 Rc8 18. O-O g5 19. Rac1 Kh8 20. Ne3 Rxc1 21. Rxc1
Nec7 22. Qd2 Rg8 23. Ne1 Qf7 24. Qe2 h5 25. N1g2 h4 26. Nxd5 Nxd5 27. Ne3 Nxe3
28. fxe3 hxg3 29. hxg3 Kg7 30. Kg2 Rh8 31. Rh1 Rxh1 32. Kxh1 g4 33. Kg1 Qh5 34.
Qg2 Kg6 35. Qa8 Qh3 36. Qg8+ Kh6 37. Qh8+ Kg5 38. Qd8+ Kh5 39. Qe8+ Kg5 40.
Qe7+ Kh5 41. Qh7+ Kg5 42. Qg7+ 1/2-1/2

[Event "XIII. DBMM 2013"]
[Site "?"]
[Date "2013.09.28"]
[Round "6.3"]
[White "Hoffeins, Hans-Werner"]
[Black "Uhlarz, Joerg"]
[Result "1-0"]
[WhiteElo "1794"]
[BlackElo "1753"]
[PlyCount "105"]
[EventDate "2013.01.19"]

1. e4 e5 2. Nf3 Nc6 3. d3 Be7 4. c3 Nf6 5. Be2 d5 6. Nbd2 O-O 7. O-O b6 8. Qc2
Bb7 9. exd5 Nxd5 10. Nc4 Bf6 11. Re1 b5 12. Ne3 Nf4 13. Bf1 b4 14. Ng4 Qd6 15.
Bxf4 exf4 16. Nxf6+ Qxf6 17. d4 a5 18. Qe4 g6 19. d5 Nd8 20. Qe5 Qd6 21. c4 f6
22. Qxd6 cxd6 23. Re7 a4 24. Rae1 Ba6 25. Rd7 Nf7 26. b3 Bc8 27. Rc7 axb3 28.
axb3 Ra3 29. Nd4 Ne5 30. f3 g5 31. h3 h5 32. Nc6 Kh8 33. Nd4 g4 34. hxg4 Rg8
35. Re4 f5 36. Rxf4 Ng6 37. Rxf5 Bxf5 38. Nxf5 Rxb3 39. Nxd6 Ra8 40. gxh5 Nf4
41. Ne4 Nxh5 42. d6 Ra1 43. d7 Rd3 44. Rc8+ Kg7 45. d8=Q Rxd8 46. Rxd8 Nf4 47.
Kf2 Ra2+ 48. Kg3 Nh5+ 49. Kg4 b3 50. Rb8 Nf6+ 51. Nxf6 Kxf6 52. Rxb3 Rf2 53.
Rb1 1-0

[Event "XIII. DBMM 2013"]
[Site "?"]
[Date "2013.09.28"]
[Round "6.4"]
[White "Nitsch, Norbert"]
[Black "Hein, Andrea"]
[Result "1-0"]
[WhiteElo "1738"]
[BlackElo "1449"]
[PlyCount "125"]
[EventDate "2013.01.19"]

1. c4 e5 2. Nc3 Nc6 3. g3 Nf6 4. Nf3 Bc5 5. Bg2 O-O 6. O-O a6 7. e3 d6 8. d4
exd4 9. exd4 Ba7 10. Bg5 h6 11. Be3 Bg4 12. Qd2 Re8 13. Rfe1 Qd7 14. a3 Rad8
15. b4 Bb8 16. Reb1 b6 17. a4 Bf5 18. Rb3 Ne4 19. Qc1 Nxc3 20. Qxc3 Be4 21. d5
Na7 22. Qd4 Bxf3 23. Bxf3 Qf5 24. Bg2 Qe5 25. Qd1 Rc8 26. Bh3 Rcd8 27. Bg2 Rc8
28. Rc1 Rcd8 29. Kf1 Nc8 30. Bd4 Qf5 31. Rf3 Qg4 32. h3 Qg6 33. Rf4 f6 34. Rg4
Qf7 35. h4 Kf8 36. Qd3 Re5 37. Bxe5 dxe5 38. Qh7 Qg8 39. Qxg8+ Kxg8 40. Re4 Nd6
41. Re2 Nf5 42. Re4 Nd6 43. Re3 Kf8 44. Ke1 Nf5 45. Re2 Nd4 46. Re4 Re8 47. Re3
Nf5 48. Re2 Nd4 49. Rb2 Ke7 50. Rc3 Kd7 51. Bh3+ Kd8 52. c5 b5 53. axb5 Nxb5
54. Rd3 Ke7 55. Ra2 Nd4 56. Kd2 f5 57. Rxa6 Rd8 58. Ra8 g6 59. f4 Kf6 60. Ra6+
Kf7 61. Bg2 Nb5 62. fxe5 c6 63. d6 1-0

[Event "XIII. DBMM 2013"]
[Site "?"]
[Date "2013.09.28"]
[Round "6.1"]
[White "Gottschalk, Jens"]
[Black "Hein, Ralf"]
[Result "1-0"]
[WhiteElo "2268"]
[BlackElo "2073"]
[PlyCount "103"]
[EventDate "2013.01.19"]

1. d4 d5 2. c4 c6 3. Nf3 Bf5 4. Qb3 Qb6 5. e3 Qxb3 6. axb3 e6 7. Nc3 Bc2 8. Nd2
Bb4 9. Be2 Nd7 10. Bd1 Bxd1 11. Kxd1 f5 12. Na2 Be7 13. Nf3 h6 14. Bd2 Ngf6 15.
Bb4 Ne4 16. Bxe7 Kxe7 17. Ke2 g5 18. Nc3 Rhf8 19. Rhf1 a6 20. Nd2 Rf7 21. Ndxe4
fxe4 22. f3 exf3+ 23. Rxf3 Rxf3 24. gxf3 Rf8 25. Rc1 Kd6 26. h4 e5 27. hxg5
exd4 28. exd4 hxg5 29. Rg1 Rg8 30. Rh1 Rg7 31. Rh6+ Ke7 32. cxd5 Nf6 33. d6+
Kf7 34. Ne4 Rg6 35. Rxg6 Kxg6 36. Nxf6 Kxf6 37. Ke3 Ke6 38. Ke4 Kxd6 39. Kf5 c5
40. dxc5+ Kxc5 41. Kxg5 Kb4 42. f4 b5 43. f5 Kxb3 44. f6 Kxb2 45. f7 b4 46.
f8=Q b3 47. Qb4 a5 48. Qxa5 Kb1 49. Kf4 b2 50. Ke3 Kc2 51. Qd2+ Kb3 52. Qd1+
1-0

[Event "XIII. DBMM 2013"]
[Site "?"]
[Date "2013.09.28"]
[Round "6.2"]
[White "Buchholz, Robert"]
[Black "Werner, Gregor"]
[Result "1/2-1/2"]
[WhiteElo "2051"]
[BlackElo "2152"]
[PlyCount "90"]
[EventDate "2013.01.19"]

1. d4 Nf6 2. c4 Nc6 3. Nf3 e6 4. Bg5 Bb4+ 5. Nbd2 h6 6. Bxf6 Qxf6 7. e3 O-O 8.
Bd3 d6 9. O-O Bxd2 10. Nxd2 e5 11. d5 Nb4 12. Be2 a5 13. a3 Na6 14. Bg4 Qe7 15.
Bxc8 Raxc8 16. e4 Ra8 17. b3 g6 18. Qe2 f5 19. exf5 gxf5 20. f3 Nc5 21. b4 Nd7
22. Nb3 axb4 23. axb4 Qg7 24. Qb2 Qg5 25. Qe2 b6 26. b5 Rxa1 27. Rxa1 Nf6 28.
Ra7 Rf7 29. Qd2 Qh4 30. g3 Rg7 31. Qd3 Qg5 32. Kf2 e4 33. Qe3 Qh5 34. Kg2 exf3+
35. Qxf3 f4 36. Qxf4 Qe2+ 37. Qf2 Qxf2+ 38. Kxf2 Ng4+ 39. Kf3 Nxh2+ 40. Kg2 Ng4
41. Nd4 Ne3+ 42. Kf3 Nxc4 43. Ne6 Ne5+ 44. Kg2 Rg4 45. Nxc7 Rb4 1/2-1/2

[Event "XIII. DBMM 2013"]
[Site "?"]
[Date "2013.09.28"]
[Round "6.3"]
[White "Lipp, Hubert"]
[Black "Kaliski, Achim"]
[Result "0-1"]
[WhiteElo "2064"]
[BlackElo "1958"]
[PlyCount "82"]
[EventDate "2013.01.19"]

1. e4 e5 2. Nf3 Nf6 3. Nxe5 d6 4. Nf3 Nxe4 5. Nc3 Nxc3 6. dxc3 Be7 7. Be3 Nc6
8. Qd2 Bg4 9. Be2 a6 10. h3 Bf5 11. O-O-O Qd7 12. g4 Be6 13. Ng5 Bxg5 14. Bxg5
f6 15. Be3 O-O-O 16. f4 Rhe8 17. Bf3 Re7 18. Rhe1 Rde8 19. b3 h5 20. f5 Bf7 21.
Bg1 hxg4 22. hxg4 Rxe1 23. Rxe1 Rxe1+ 24. Qxe1 Qe8 25. Kd2 Qxe1+ 26. Kxe1 Ne5
27. Be2 Bd5 28. Kf2 Be4 29. Bd1 Kd7 30. Ke3 Bg2 31. Kf4 c5 32. Be2 b5 33. a3
Bd5 34. Ke3 Kc6 35. Bf2 a5 36. Be1 a4 37. Bd1 Bg2 38. Be2 Kb6 39. Kf4 Bd5 40.
Bd1 axb3 41. cxb3 Nd3+ 0-1

[Event "XIII. DBMM 2013"]
[Site "?"]
[Date "2013.09.28"]
[Round "6.4"]
[White "Groeppel, Peter"]
[Black "Launert, Martin"]
[Result "1-0"]
[WhiteElo "1934"]
[BlackElo "1882"]
[PlyCount "125"]
[EventDate "2013.01.19"]

1. d4 Nf6 2. c4 g6 3. Nc3 d5 4. Nf3 Bg7 5. Qb3 dxc4 6. Qxc4 O-O 7. Bf4 c6 8. e4
Nbd7 9. Be2 Nh5 10. Be3 Nb6 11. Qb3 Nf6 12. Rd1 Be6 13. Qc2 Bc4 14. O-O Bxe2
15. Qxe2 e6 16. Bg5 Qc7 17. e5 Nfd5 18. Ne4 h6 19. Bc1 Qe7 20. a3 f5 21. exf6
Nxf6 22. Nc5 Rae8 23. Ne5 Qc7 24. Nxg6 Rf7 25. Ne5 Rfe7 26. Qc2 Nbd5 27. Qg6 b6
28. Ncd3 Kh8 29. Nf4 Nxf4 30. Bxf4 Kg8 31. Bxh6 Rf8 32. Bf4 Nd5 33. Bg3 Rf6 34.
Qe4 Qc8 35. Rc1 c5 36. dxc5 bxc5 37. b4 Rf5 38. Rxc5 Qe8 39. Rxd5 exd5 40. Qxf5
Bxe5 41. Qg5+ Kf8 42. f4 Bd4+ 43. Bf2 Bxf2+ 44. Kxf2 Re2+ 45. Kg3 Re3+ 46. Kg4
Qb5 47. Qf5+ Kg8 48. Qg6+ Kf8 49. Rf2 Re2 50. Qf6+ Kg8 51. Qd8+ Kf7 52. Qc7+
Kg8 53. Qxa7 Qd3 54. Qb8+ Kf7 55. Qc7+ Re7 56. Qc2 Qd4 57. Qd2 Qh8 58. Kf3 d4
59. Re2 Rd7 60. Qa2+ Kf8 61. Qe6 Rd8 62. Qf5+ Kg8 63. Qg5+ 1-0

[Event "XIII. DBMM 2013"]
[Site "?"]
[Date "2013.09.28"]
[Round "6.1"]
[White "Giel, Olaf"]
[Black "Schulz, Michael"]
[Result "1/2-1/2"]
[WhiteElo "2122"]
[BlackElo "2249"]
[PlyCount "120"]
[EventDate "2013.01.19"]

1. d4 f5 2. Qd3 d6 3. Nc3 Nf6 4. Bg5 c6 5. O-O-O b5 6. Bxf6 exf6 7. e4 b4 8.
Na4 Qa5 9. b3 Be7 10. d5 Ba6 11. Qg3 Bxf1 12. Qxg7 Rf8 13. Rxf1 fxe4 14. Qxh7
Qxd5 15. Qg6+ Kd8 16. Nh3 Qe5 17. g3 Nd7 18. Nf4 Nb6 19. Nb2 Kd7 20. Qh5 Qxh5
21. Nxh5 f5 22. Nf4 Bg5 23. h4 Bxf4+ 24. gxf4 Nd5 25. h5 Nxf4 26. Rh4 Ne2+ 27.
Kd1 Nd4 28. h6 Nf3 29. Rh5 Rf7 30. Nc4 Rh8 31. Ne3 Ke6 32. Rfh1 Rhh7 33. R1h3
d5 34. Ng2 Ke5 35. Rg3 Rf6 36. Ne3 Ke6 37. Rgh3 d4 38. Ng2 Ke5 39. Nh4 Nxh4 40.
R3xh4 Rg6 41. Ke1 Rg1+ 42. Ke2 Kf6 43. Rf4 Rg5 44. Rh1 Ke5 45. Rfh4 c5 46. f4+
exf3+ 47. Kxf3 Kf6 48. Re1 Rg6 49. Reh1 {(=)} a5 50. Rh5 Rg4 51. R5h2 Kg5 52.
Rh5+ Kg6 53. R5h2 Kf6 54. Rh5 Rg5 55. R5h2 Rg8 56. Kf4 Re8 57. Rh5 Re4+ 58. Kf3
Rg4 59. R5h2 Ke5 60. Rh5 Rf4+ 1/2-1/2

[Event "XIII. DBMM 2013"]
[Site "?"]
[Date "2013.09.28"]
[Round "6.2"]
[White "Jaehnisch, Frank"]
[Black "Buhrdorf, Axel"]
[Result "1-0"]
[WhiteElo "2220"]
[BlackElo "1787"]
[PlyCount "83"]
[EventDate "2013.01.19"]

1. d4 e6 2. c4 d5 3. Nc3 Nf6 4. cxd5 exd5 5. Bg5 Be7 6. e3 O-O 7. Bd3 Nbd7 8.
Qc2 h6 9. Bh4 c6 10. Nge2 Re8 11. O-O Ne4 12. Bxe7 Qxe7 13. Nxe4 dxe4 14. Bc4
Nf6 15. a3 Be6 16. Bxe6 Qxe6 17. Rac1 a5 18. Nf4 Qd7 19. Qc5 g5 20. Ne2 Qd5 21.
Qb6 Qd7 22. Nc3 Ra6 23. Qc5 b6 24. Qc4 b5 25. Qc5 Qe6 26. Ne2 Nd7 27. Qc2 Rc8
28. Nc3 Re8 29. d5 Qf5 30. f3 b4 31. fxe4 Qg6 32. Qe2 Raa8 33. dxc6 Nf6 34. Nd5
Nxd5 35. exd5 bxa3 36. bxa3 Qe4 37. Qf3 Qxe3+ 38. Qxe3 Rxe3 39. c7 Rc8 40. d6
Rd3 41. Rfd1 Rxd1+ 42. Rxd1 1-0